000 00582nam a2200181 a 4500
001 BRCA_6894
005 20190320205630.0
008 141111s1950----u--b######---#000-0#eng-#
041 _aeng
_b.M37 1950
245 1 0 _aMap of Chicago
_bwith new street names, Steam railroads, street car line, street numbers and selections.
260 _aChicago
_bRufus Blanchard
_c[1950]
300 _a1 v.
_bil. (algunas a color), mapa
_c17 cm.
500 _aMapa inventariado por Banco de México como libro
500 _aL142
651 4 _aChicago
_vMapa
_917173
902 _aGFM
942 _2lcc
_cB
999 _c6576
_d6576